|
|
|
|
| LEADER |
02031nam a2200541 i 4500 |
| 001 |
001906194 |
| 003 |
CZ BrMZK |
| 005 |
20241021104011.0 |
| 007 |
ta |
| 008 |
240827s2022 xxk f 001 0 eng |
| 020 |
|
|
|a 978-0-367-49287-8
|q (brožováno)
|
| 040 |
|
|
|a BOA001
|b cze
|e rda
|
| 044 |
|
|
|a xxk
|a xxu
|
| 072 |
|
7 |
|a 355/359
|x Vojenství. Obrana země. Ozbrojené síly
|2 Konspekt
|9 15
|
| 080 |
|
|
|a 004.8
|2 MRF
|
| 080 |
|
|
|a 355/359
|2 MRF
|
| 080 |
|
|
|a 623
|2 MRF
|
| 080 |
|
|
|a 623.4.028-52
|2 MRF
|
| 080 |
|
|
|a 355.02
|2 MRF
|
| 080 |
|
|
|a (048.8)
|2 MRF
|
| 100 |
1 |
|
|a Hynek, Nik,
|d 1979-
|7 js20050613005
|4 aut
|
| 245 |
1 |
0 |
|a Militarizing artificial intelligence :
|b theory, technology, and regulation /
|c Nik Hynek and Anzhelika Solovyeva
|
| 250 |
|
|
|a First published
|
| 264 |
|
1 |
|a London ;
|a New York :
|b Routledge, Taylor & Francis Group,
|c 2022
|
| 300 |
|
|
|a 184 stran ;
|c 24 cm
|
| 336 |
|
|
|a text
|b txt
|2 rdacontent
|
| 337 |
|
|
|a bez média
|b n
|2 rdamedia
|
| 338 |
|
|
|a svazek
|b nc
|2 rdacarrier
|
| 490 |
1 |
|
|a Routledge studies in conflict, security and technology
|
| 504 |
|
|
|a Obsahuje bibliografie, bibliografické odkazy a rejstřík
|
| 650 |
0 |
7 |
|a umělá inteligence
|7 ph116536
|2 czenas
|
| 650 |
0 |
7 |
|a vojenství
|7 ph127210
|2 czenas
|
| 650 |
0 |
7 |
|a vojenská technika
|7 ph138823
|2 czenas
|
| 650 |
0 |
7 |
|a autonomní zbraňové systémy
|7 ph1190714
|2 czenas
|
| 650 |
0 |
7 |
|a bezpečnostní politika
|7 ph118836
|2 czenas
|
| 650 |
0 |
9 |
|a artificial intelligence
|2 eczenas
|
| 650 |
0 |
9 |
|a military science
|2 eczenas
|
| 650 |
0 |
9 |
|a military engineering
|2 eczenas
|
| 650 |
0 |
9 |
|a autonomous weapon systems
|2 eczenas
|
| 650 |
0 |
9 |
|a security policy
|2 eczenas
|
| 655 |
|
7 |
|a monografie
|7 fd132842
|2 czenas
|
| 655 |
|
9 |
|a monographs
|2 eczenas
|
| 700 |
1 |
|
|a Solovyeva, Anzhelika,
|d 1994-
|7 xx0315406
|4 aut
|
| 830 |
|
0 |
|a Routledge studies in conflict, security and technology
|
| 910 |
|
|
|a BOA001
|b 2-1531.229
|
| 990 |
|
|
|a BK
|
| 991 |
|
|
|b 202410
|c NOV
|
| 996 |
6 |
|
|b 2610978053
|c 2-1531.229
|l MZK
|r STM 6p
|n 0
|p kupz
|h 004.8 HYN
|w 001975215
|u 000010
|a 0
|e BOA001
|j MZK50
|s P
|